| 000 | 00375nam a2200133Ia 4500 | ||
|---|---|---|---|
| 005 | 20210429153910.0 | ||
| 008 | 210429s9999 xx 000 0 und d | ||
| 082 | _a620.110 Z19D | ||
| 100 | _aHassan Bin Zahid,Abiha Abbas,Maheen Burney | ||
| 245 | _aDevelopment Of Photo Responsive Self Cleaning Surfaces | ||
| 260 |
_aislamabad _c2016 |
||
| 300 | _a41p. | ||
| 942 |
_2ddc _cTH |
||
| 999 |
_c561078 _d561078 |
||